Countries With The Lowest Elevation - Statistics

General Stats
  • This quiz has been taken 15 times
  • The average score is 6 of 10
Answer Stats
Elevation Answer % Correct
2m Kiribati
85%
1.5m Maldives
85%
1.8m Tuvalu
77%
2m Marshall Islands
69%
30m Netherlands
62%
15m Singapore
62%
34m Denmark
46%
28m Qatar
46%
34m The Gambia
15%
61m Estonia
8%
No matching quizzes found
Score Distribution
Percent of People with Each Score
Percentile by Number Answered
Your Score History
You have not taken this quiz